Whistleblowing se blíží. Na co se připravit?

ČR má len do konca roka 2021 čas na prijatie zákona o ochrane oznamovateľov podľa smernice EÚ o ochrane osôb, ktoré oznamujú porušenie práva EÚ. Pritom už teraz je zrejmé, že tento termín nebude dodržaný. Zákon o ochrane oznamovateľov ale nepochybne bude prioritou novej Poslaneckej snemovne. Neočaká...

ver descrição completa

Na minha lista:
Detalhes bibliográficos
Autor principal: Nulíček, Michal
Outros Autores: Cervanová, Anna
Formato: Capítulo de Livro
Idioma:tcheco
Assuntos:
Tags: Adicionar Tag
Sem tags, seja o primeiro a adicionar uma tag!

MARC

LEADER 00000naa a2200000 4500
001 0298142
005 20240417075259.4
041 0 |a cze 
044 |a CZ 
245 1 0 |a Whistleblowing se blíží. Na co se připravit?  |c Michal Nulíček, Anna Cervanová 
520 |a ČR má len do konca roka 2021 čas na prijatie zákona o ochrane oznamovateľov podľa smernice EÚ o ochrane osôb, ktoré oznamujú porušenie práva EÚ. Pritom už teraz je zrejmé, že tento termín nebude dodržaný. Zákon o ochrane oznamovateľov ale nepochybne bude prioritou novej Poslaneckej snemovne. Neočakávame, že by sa konečná podoba zákona výrazne odlišovala od vládneho návrhu, ktorý bol prejednávaný doteraz. 
610 2 0 |a zákony 
610 2 0 |a legislatíva 
610 2 0 |a povinnosť oznamovacia 
610 2 0 |a oznamovanie chránené 
610 2 0 |a úpravy právne 
610 2 0 |a činnosť nelegálna 
610 2 0 |a smernice 
610 2 0 |a Česko 
610 2 0 |a Európska únia 
100 1 |a Nulíček, Michal 
700 1 |a Cervanová, Anna